Statistics for Zemlje koje počinju slovom G

Click here to take the quiz!

General Stats

  • This quiz has been taken 556 times
  • The average score is 6 of 10

Answer Stats

Zemlje% Correct
Grčka
83%
Gruzija
83%
Gana
78%
Gvineja
77%
Gambija
52%
Gabon
51%
Gvatemala
51%
Gvajana
39%
Gvineja Bissau
31%
Grenada
30%

Score Distribution

Percentile by Number Answered

Percent of People with Each Score

Your Score History

You have not taken this quiz